[Event "Regionalliga NW 1213"]
[Site "Bayern"]
[Date "2013.03.17"]
[Round "8.7"]
[White "Kunert, Thomas"]
[Black "Bachmann, Wolfgang"]
[Result "0-1"]
[WhiteElo "1724"]
[BlackElo "1930"]
[PlyCount "78"]
[EventDate "2012.10.14"]
[EventType "team-tourn"]
[EventRounds "9"]
[EventCountry "GER"]
[SourceTitle "EXT 2015"]
[Source "ChessBase"]
[SourceDate "2014.11.20"]
[SourceVersion "1"]
[SourceVersionDate "2014.11.20"]
[SourceQuality "1"]
[WhiteTeam "Stetten"]
[BlackTeam "Wuerzburg II"]
[WhiteTeamCountry "GER"]
[BlackTeamCountry "GER"]

1. d4 g6 2. c4 Bg7 3. Nc3 d6 4. e4 Nf6 5. f3 0-0 6. Be3 e5 7. d5 Nh5 8. Qd2 f5 9. Bd3 Nd7 10. Nge2 f4 11. Bf2 a6 12. Rc1 Bf6 13. Na4 b6 14. b4 Bh4 15. Nec3 Bxf2+ 16. Qxf2 Qe7 17. Ne2 a5 18. b5 Kh8 19. g4 fxg3 20. hxg3 Qg5 21. Kd1 Ndf6 22. Qh2 Qe3 23. Kc2 Qxf3 24. Rcf1 Qe3 25. Nac3 Bg4 26. Nd1 Qg5 27. Nf2 Bxe2 28. Bxe2 Qxg3 29. Rfg1 Qxh2 30. Rxh2 Nf4 31. Kd2 Kg7 32. Ke3 Nxe2 33. Kxe2 Rf7 34. Ke3 Ng8 35. Rhg2 Raf8 36. Ng4 Rf3+ 37. Ke2 Ra3 38. Kd1 Rff3 39. Rc2 Rad3+ 0-1